000 01201nam a2200217Ia 4500
999 _c51078
_d51078
001 18035
003 GE_BSU
005 20241101160030.0
008 181216s1977||||ge |||||||||||||| ||geo||
020 _a0134-9899
040 _cGE_BSU
041 _ageo
080 _a811.353(058) ი-31
245 _a იბერიულ-კავკასიური ენათმეცნიერების წელიწდეული = Ежегодник иберийско-кавказского языкознания = Anual of ibero-caucasian linguistics:
_bტ.IV /
_cსარედ. კოლ. ვ. აბაევი., შ. არისთავა., და სხვ. რედ. ა. ჩიქობავა; საქართველოს სსრ მეცნიერებათა აკადემია.
264 _aთბილისი :
_bმეცნიერება,
_c1977.
300 _a392 გვ.;
_b26 სმ.
653 _a წელიწდეული
653 _aკავკასიური ენები
710 _aსაქართველოს სსრ მეცნიერებათა აკადემია
_923589
942 _cBK
_2udc